00000000nam 2200000za 4500
0019.816623
003CaOODSP
00520250912120709
007cr |||||||||||
008160205s2016    onc     o    f000 0 fre d
040 |aCaOODSP|bfre
043 |an-cn---
0861 |aRv55-5/2-5-11-2016F-PDF
24500|aLignes directrices administratives et opérationnelles à l'intention des transporteurs aériens commerciaux pour le traitement des renseignements réglementaires relatifs aux voyageurs selon les exigences de l'Agence des services frontaliers du Canada |h[ressource électronique].
250 |a[Édition de 22 avril 2016].
260 |aOttawa : |bAgence des services frontaliers du Canada, |c2016.
300 |a11 p.
4901 |aMémorandum, |x2369-2405 ; |vD2-5-11, le 22 avril 2016
500 |aPubl. aussi en anglais sous le titre : Administrative and operational guidelines for commercial air-mode carriers for the processing of prescribed traveller information pursuant to the requirements of the Canada Border Services Agency.
500 |aTitre de départ.
500 |a« Ottawa, le 22 avril 2016. »
500 |a« Ceci annule le mémorandum D : D2-5-11 daté le 28 janvier 2015. »
520 |a« Le présent mémorandum a été révisé afin de fournir des directives claires aux transporteurs aériens commerciaux et de tenir compte des mises à jour apportées aux lignes directrices administratives et opérationnelles dans le cadre de la mise en oeuvre de l’initiative sur l’Information interactive préalable sur les voyageurs. Le présent mémorandum expose les exigences et les politiques administratives de l’Agence des services frontaliers du Canada (ASFC) en matière de transmission de l’information préalable sur les passagers (IPV) réglementaire et du dossier passager (DP) relativement aux personnes transportées au Canada par un transporteur aérien commercial » -- En résumé, p. [1].
693 4|aTransports aériens--Voyageurs--Contrôle de sécurité
693 4|aGestion d'informations personnelles
7102 |aAgence des services frontaliers du Canada.
77508|tAdministrative and operational guidelines for commercial air-mode carriers for the processing of prescribed traveller information pursuant to the requirements of the Canada Border Services Agency |w(CaOODSP)9.816620
794 |tLignes directrices à l’intention des transporteurs aériens commerciaux pour le traitement des renseignements réglementaires relatifs aux voyageurs |b[Édition de 17 avril 2018]|w(CaOODSP)9.856598
830#0|aMémorandums D des douanes. D2, Voyage international,|x2369-2405 ; |vD2-5-11.|w(CaOODSP)9.816826